[Event "BCF-chT 0001 (4NCL)"]
[Site "Birmingham"]
[Date "2001.01.27"]
[Round "5.6"]
[White "Ledger, Stephen C"]
[Black "Collinson, Adam"]
[Result "1/2-1/2"]
[WhiteElo "2188"]
[BlackElo "2404"]
[PlyCount "32"]
[EventDate "2000.09.??"]
[EventType "team"]
[EventRounds "11"]
[EventCountry "ENG"]
[SourceTitle "EXT 2002"]
[Source "ChessBase"]
[SourceDate "2001.11.25"]
[SourceVersion "1"]
[SourceVersionDate "2001.11.25"]
[SourceQuality "1"]
[WhiteTeam "Midland Monarchs"]
[BlackTeam "Barbican"]
[WhiteTeamCountry "ENG"]
[BlackTeamCountry "ENG"]

1. d4 d6 2. Nf3 Bg4 3. Bf4 Bxf3 4. exf3 Nd7 5. Bd3 Ngf6 6. 0-0 e6 7. Re1 Be7 8. c4 0-0 9. Nc3 c6 10. Qc2 Re8 11. Rad1 g6 12. b4 e5 13. Be3 Qc7 14. f4 exf4 15. Bxf4 Nh5 16. Bc1 Bf8 1/2-1/2

[Event "BCF-chT 0001 (4NCL)"]
[Site "Birmingham"]
[Date "2000.11.26"]
[Round "4.4"]
[White "Plaskett, H James"]
[Black "Collinson, Adam"]
[Result "1-0"]
[WhiteElo "2526"]
[BlackElo "2404"]
[PlyCount "73"]
[EventDate "2000.09.??"]
[EventType "team"]
[EventRounds "11"]
[EventCountry "ENG"]
[SourceTitle "EXT 2002"]
[Source "ChessBase"]
[SourceDate "2001.11.25"]
[SourceVersion "1"]
[SourceVersionDate "2001.11.25"]
[SourceQuality "1"]
[WhiteTeam "Guildford"]
[BlackTeam "Barbican"]
[WhiteTeamCountry "ENG"]
[BlackTeamCountry "ENG"]

1. e4 d6 2. Nc3 Nf6 3. f4 d5 4. e5 d4 5. Nce2 Nd5 6. Nf3 c5 7. c3 dxc3 8. dxc3 Nc6 9. Ng3 e6 10. Bd3 Be7 11. 0-0 0-0 12. Qe2 Bd7 13. f5 exf5 14. Nxf5 Qb6 15. Kh1 Bxf5 16. Bxf5 Rad8 17. Bc2 Qa6 18. Qf2 Qc4 19. Bd2 Qg4 20. Rae1 f5 21. exf6 Nxf6 22. Ng5 Bd6 23. Bd1 Qd7 24. Bb3+ Kh8 25. Qh4 c4 26. Bc2 Qg4 27. Nf7+ Rxf7 28. Qxg4 Nxg4 29. Rxf7 Nce5 30. Bg5 Nxf7 31. Bxd8 g6 32. h3 Nxd8 33. Re8+ Kg7 34. Rxd8 Nf2+ 35. Kg1 Bc5 36. Kf1 Kf6 37. Rc8 1-0

[Event "BCF-chT 0001 (4NCL)"]
[Site "Birmingham"]
[Date "2000.11.25"]
[Round "3.6"]
[White "Collinson, Adam"]
[Black "Rosen, Daniel B"]
[Result "1-0"]
[WhiteElo "2404"]
[BlackElo "2221"]
[PlyCount "59"]
[EventDate "2000.09.??"]
[EventType "team"]
[EventRounds "11"]
[EventCountry "ENG"]
[SourceTitle "EXT 2002"]
[Source "ChessBase"]
[SourceDate "2001.11.25"]
[SourceVersion "1"]
[SourceVersionDate "2001.11.25"]
[SourceQuality "1"]
[WhiteTeam "Barbican"]
[BlackTeam "PP"]
[WhiteTeamCountry "ENG"]
[BlackTeamCountry "ENG"]

1. e4 g6 2. d4 Bg7 3. Nc3 d6 4. Be3 c6 5. Qd2 Nd7 6. Nf3 Qa5 7. Bd3 Nb6 8. h3 Be6 9. Ne2 Qxd2+ 10. Nxd2 Na4 11. 0-0-0 Nf6 12. g4 d5 13. e5 Nd7 14. b3 Nab6 15. f4 f5 16. exf6 Bxf6 17. Nf3 Rc8 18. f5 gxf5 19. g5 Bg7 20. Nf4 Bf7 21. Bxf5 0-0 22. Rhf1 Rce8 23. Ne6 Bxe6 24. Bxe6+ Kh8 25. h4 Rxf3 26. Rxf3 Nf8 27. Bf7 Rd8 28. h5 Nfd7 29. h6 Bf8 30. Be6 1-0

[Event "BCF-chT 0001 (4NCL)"]
[Site "Birmingham"]
[Date "2000.09.24"]
[Round "2.2"]
[White "Collinson, Adam"]
[Black "Chandler, Murray G"]
[Result "0-1"]
[WhiteElo "2404"]
[BlackElo "2526"]
[PlyCount "50"]
[EventDate "2000.09.??"]
[EventType "team"]
[EventRounds "11"]
[EventCountry "ENG"]
[SourceTitle "EXT 2002"]
[Source "ChessBase"]
[SourceDate "2001.11.25"]
[SourceVersion "1"]
[SourceVersionDate "2001.11.25"]
[SourceQuality "1"]
[WhiteTeam "Barbican"]
[BlackTeam "IND"]
[WhiteTeamCountry "ENG"]
[BlackTeamCountry "ENG"]

1. e4 c5 2. Nf3 d6 3. Bb5+ Nd7 4. c3 Ngf6 5. Qe2 a6 6. Ba4 e5 7. 0-0 Be7 8. d4 b5 9. Bc2 0-0 10. dxe5 dxe5 11. Rd1 Qc7 12. Nbd2 Bb7 13. Nf1 c4 14. Bg5 Nc5 15. Bxf6 Bxf6 16. Ne3 Rad8 17. Ng4 Be7 18. Ngxe5 h5 19. b3 Bf6 20. Nxc4 Bxc3 21. Ne3 Bxa1 22. Rxa1 Nxe4 23. Nf5 Rfe8 24. Re1 g6 25. N5d4 Nf6 0-1

[Event "BCF-chT 9900 (4NCL)"]
[Site "Birmingham"]
[Date "1999.10.10"]
[Round "2.4"]
[White "Pert, Richard G"]
[Black "Collinson, Adam"]
[Result "1/2-1/2"]
[WhiteElo "2308"]
[BlackElo "2405"]
[PlyCount "20"]
[EventDate "1999.10.??"]
[EventType "team"]
[EventRounds "11"]
[EventCountry "ENG"]
[SourceTitle "EXT 2000"]
[Source "ChessBase"]
[SourceDate "1999.11.16"]
[SourceVersion "1"]
[SourceVersionDate "1999.11.16"]
[SourceQuality "1"]
[WhiteTeam "Wood Green II"]
[BlackTeam "Barbican"]
[WhiteTeamCountry "ENG"]
[BlackTeamCountry "ENG"]

1. d4 d6 2. Nf3 Nf6 3. Nc3 Nbd7 4. e4 e5 5. Be2 Be7 6. 0-0 0-0 7. Be3 c6 8. a4 a5 9. Ne1 exd4 10. Qxd4 Nc5 1/2-1/2